Exploring the roles of polycomb repressive complex 1 in X-chromosome inactivation maintenance & monoallelic autosomal expression in mitotic and post-mitotic cells
Saved in:
MARC
| LEADER | 00000cam a2200000 c 4500 | ||
|---|---|---|---|
| 001 | 1925609987 | ||
| 003 | DE-627 | ||
| 005 | 20251030113208.0 | ||
| 007 | tu | ||
| 008 | 250514s2024 gw ||||| m 00| ||eng c | ||
| 035 | |a (DE-627)1925609987 | ||
| 035 | |a (DE-599)KXP1925609987 | ||
| 035 | |a (OCoLC)1519551865 | ||
| 040 | |a DE-627 |b ger |c DE-627 |e rda | ||
| 041 | |a eng | ||
| 044 | |c XA-DE-BW | ||
| 084 | |a 32 |2 sdnb | ||
| 100 | 1 | |a Ritz, Alina Maria |d 1993- |e VerfasserIn |0 (DE-588)1365585549 |0 (DE-627)1925609065 |4 aut | |
| 245 | 1 | 0 | |a Exploring the roles of polycomb repressive complex 1 in X-chromosome inactivation maintenance & monoallelic autosomal expression in mitotic and post-mitotic cells |c presented by M.Sc. Alina Maria Ritz ; referees: Prof. Dr. Sergio P. Acebrón, Prof. Dr. Detlev Arendt |
| 264 | 1 | |a Heidelberg |c [2024?] | |
| 300 | |a xiv, 193 Seiten |b Illustrationen, Diagramme | ||
| 336 | |a Text |b txt |2 rdacontent | ||
| 337 | |a ohne Hilfsmittel zu benutzen |b n |2 rdamedia | ||
| 338 | |a Band |b nc |2 rdacarrier | ||
| 502 | |b Dissertation |c Ruprecht-Karls-University Heidelberg |d 2024 | ||
| 546 | |a Text englisch, Zusammenfassung in englischer und deutscher Sprache | ||
| 655 | 7 | |a Hochschulschrift |0 (DE-588)4113937-9 |0 (DE-627)105825778 |0 (DE-576)209480580 |2 gnd-content | |
| 700 | 1 | |a Acebron, Sergio P. |e AkademischeR BetreuerIn |0 (DE-588)1137651474 |0 (DE-627)895022087 |0 (DE-576)491696272 |4 dgs | |
| 710 | 2 | |a Universität Heidelberg |e Grad-verleihende Institution |0 (DE-588)2024349-2 |0 (DE-627)102161488 |0 (DE-576)191769517 |4 dgg | |
| 751 | |a Heidelberg |0 (DE-588)4023996-2 |0 (DE-627)106300814 |0 (DE-576)208952578 |4 uvp | ||
| 776 | 0 | 8 | |i Erscheint auch als |n Online-Ausgabe |a Ritz, Alina Maria, 1993 - |t Exploring the roles of polycomb repressive complex 1 in X-chromosome inactivation maintenance & monoallelic autosomal expression in mitotic and post-mitotic cells |d Heidelberg, 2024 |h 1 Online-Ressource (xiv, 193 Seiten) |w (DE-627)1939585503 |
| 951 | |a BO | ||
| 992 | |a 20250526 | ||
| 993 | |a Thesis | ||
| 998 | |g 1365585549 |a Ritz, Alina Maria |m 1365585549:Ritz, Alina Maria |d 140000 |d 140001 |e 140000PR1365585549 |e 140001PR1365585549 |k 0/140000/ |k 1/140000/140001/ |p 1 |x j |y j | ||
| 999 | |a KXP-PPN1925609987 |e 472815758X | ||
| BIB | |a Y | ||
| JSO | |a {"origin":[{"dateIssuedDisp":"[2024?]","dateIssuedKey":"2024","publisherPlace":"Heidelberg"}],"language":["eng"],"physDesc":[{"noteIll":"Illustrationen, Diagramme","extent":"xiv, 193 Seiten"}],"recId":"1925609987","noteThesis":["Dissertation. - Ruprecht-Karls-University Heidelberg. - 2024"],"corporate":[{"display":"Universität Heidelberg","role":"dgg"}],"name":{"displayForm":["presented by M.Sc. Alina Maria Ritz ; referees: Prof. Dr. Sergio P. Acebrón, Prof. Dr. Detlev Arendt"]},"id":{"eki":["1925609987"]},"person":[{"family":"Ritz","given":"Alina Maria","display":"Ritz, Alina Maria","role":"aut"},{"role":"dgs","display":"Acebron, Sergio P.","given":"Sergio P.","family":"Acebron"}],"type":{"bibl":"thesis"},"title":[{"title":"Exploring the roles of polycomb repressive complex 1 in X-chromosome inactivation maintenance & monoallelic autosomal expression in mitotic and post-mitotic cells","title_sort":"Exploring the roles of polycomb repressive complex 1 in X-chromosome inactivation maintenance & monoallelic autosomal expression in mitotic and post-mitotic cells"}]} | ||
| SRT | |a RITZALINAMEXPLORINGT2024 | ||